Normal view
MARC view
Entry Personal Name
001 - CONTROL NUMBER
- control field: 44474
003 - CONTROL NUMBER IDENTIFIER
- control field: ARRUPE
005 - DATE AND TIME OF LATEST TRANSACTION
- control field: 20190207115105.0
008 - FIXED-LENGTH DATA ELEMENTS
- fixed length control field: 190207|| aca||aabn | a|a d
040 ## - CATALOGING SOURCE
- Original cataloging agency: ARRUPE
- Transcribing agency: ARRUPE
100 ## - HEADING--PERSONAL NAME
- Personal name: Broome, Francis Napier,
- Dates associated with a name: 1891-
670 ## - SOURCE DATA FOUND
- Source citation: Work cat.: (ARRUPE)0: Broome, Francis Napier, 1891-, Not the whole truth., 1962.